000 00569nam a2200193Ia 4500
003 GCL
008 140319s9999 xx 000 0 ara d
040 _aGCL /
_cGCL
082 0 4 _a780.92
_bس ن
100 1 _aالسيد فرج
245 1 0 _aنابغة الموسيقى سيد درويش /
_cالسيد فرج
300 _a47 ص
490 _a
650 0 4 _aالموسيقيون المصريون
650 0 4 _aالموسيقى المصرية
650 0 4 _aسيد درويش
650 0 4 _aالموسيقى العربية - تاريخ ونقد
942 _2ddc
_cBK
999 _c47030
_d47030